Исследование характера разрушения многослойной композиции "керамическое покрытие ZrO[2] - связующий слой NiAl - подложка Ti6Al-4V" в процессе термических испытаний; Иерархические материалы: разработка и приложения для новых технологий и надежных конструкций

গ্রন্থ-পঞ্জীর বিবরন
Parent link:Иерархические материалы: разработка и приложения для новых технологий и надежных конструкций.— 2019.— [С. 542]
সংস্থা লেখক: Национальный исследовательский Томский политехнический университет Инженерная школа ядерных технологий Отделение экспериментальной физики
অন্যান্য লেখক: Мартынов С. А. Сергей Андреевич, Панин А. В. Алексей Викторович, Казаченок М. С. Марина Сергеевна, Русяев А. Н.
সংক্ষিপ্ত:Заглавие с экрана
Режим доступа: по договору с организацией-держателем ресурса
ভাষা:রুশ
প্রকাশিত: 2019
মালা:Аддитивные технологии формирования материалов, изделий и конструкций с иерархической структурой
বিষয়গুলি:
অনলাইন ব্যবহার করুন:https://elibrary.ru/item.asp?id=41207237
বিন্যাস: MixedMaterials বৈদ্যুতিক গ্রন্থের অধ্যায়
KOHA link:https://koha.lib.tpu.ru/cgi-bin/koha/opac-detail.pl?biblionumber=661163

MARC

LEADER 00000naa2a2200000 4500
001 661163
005 20260209165433.0
035 |a (RuTPU)RU\TPU\network\31410 
035 |a RU\TPU\network\31406 
090 |a 661163 
100 |a 20191121d2019 k||y0rusy50 ca 
101 0 |a rus 
102 |a RU 
135 |a drgn ---uucaa 
181 0 |a i  
182 0 |a b 
200 1 |a Исследование характера разрушения многослойной композиции "керамическое покрытие ZrO[2] - связующий слой NiAl - подложка Ti6Al-4V" в процессе термических испытаний  |f С. А. Мартынов [и др.] 
203 |a Текст  |c электронный 
225 1 |a Аддитивные технологии формирования материалов, изделий и конструкций с иерархической структурой 
300 |a Заглавие с экрана 
333 |a Режим доступа: по договору с организацией-держателем ресурса 
463 1 |0 (RuTPU)RU\TPU\network\31158  |t Иерархические материалы: разработка и приложения для новых технологий и надежных конструкций  |o международный междисциплинарный симпозиум, 1-5 октября 2019 г., Томск, Россия  |o тезисы докладов International Workshop "Multiscale Biomechanics and Tribology of Inorganic and Organic Systems"  |o тезисы докладов международной конференции "Перспективные материалы с иерархической структурой для новых технологий и надежных конструкций"  |o тезисы докладов международной конференции "Химия нефти и газа: добыча, подготовка, транспорт нефти и газа"  |f Российская академия наук (РАН), Сибирское отделение (СО), Институт физики прочности и материаловедения (ИФПМ) ; Институт химии нефти (ИХН)  |v [С. 542]  |d 2019 
610 1 |a электронный ресурс 
610 1 |a труды учёных ТПУ 
610 1 |a разрушение 
610 1 |a многослойные композиции 
610 1 |a керамические покрытия 
610 1 |a слои 
610 1 |a подложки 
610 1 |a защитные покрытия 
610 1 |a шероховатости 
610 1 |a износостойкость 
701 1 |a Мартынов  |b С. А.  |c специалист в области материаловедения  |c инженер Томского политехнического университета  |f 1988-  |g Сергей Андреевич  |3 (RuTPU)RU\TPU\pers\34972 
701 1 |a Панин  |b А. В.  |c физик  |c профессор Томского политехнического университета, доктор физико-математических наук  |f 1971-  |g Алексей Викторович  |3 (RuTPU)RU\TPU\pers\31424  |9 15588 
701 1 |a Казаченок  |b М. С.  |c физик  |c старший научный сотрудник Томского политехнического университета, кандидат наук  |f 1978-  |g Марина Сергеевна  |3 (RuTPU)RU\TPU\pers\31542 
701 1 |a Русяев  |b А. Н. 
712 0 2 |a Национальный исследовательский Томский политехнический университет  |b Инженерная школа ядерных технологий  |b Отделение экспериментальной физики  |3 (RuTPU)RU\TPU\col\23549 
801 2 |a RU  |b 63413507  |c 20191126  |g RCR 
856 4 |u https://elibrary.ru/item.asp?id=41207237 
942 |c CF